Вып. 110, № 56 : Подольские толтры и условия их образования; Труды Института геологических наук. Геологическая серия

Bibliografiske detaljer
Parent link:Труды Института геологических наук. Геологическая серия/ Академия наук СССР (АН СССР), Институт геологических наук (ИГН). Вып. 110, № 56 : Подольские толтры и условия их образования.— , 1938-1956
Hovedforfatter: Королюк И. К.
Sprog:russisk
Udgivet: 1952
Fag:
Format: Bog
KOHA link:https://koha.lib.tpu.ru/cgi-bin/koha/opac-detail.pl?biblionumber=231951

MARC

LEADER 00000nam2a2200000 4500
001 231951
005 20231101231129.0
035 |a (RuTPU)RU\TPU\book\252981 
035 |a RU\TPU\book\252454 
090 |a 231951 
100 |a 20130207d1952 k y0rusy50 ca 
101 0 |a rus 
102 |a RU 
105 |a a z 001zy 
200 0 |a Вып. 110, № 56 : Подольские толтры и условия их образования  |f И. К. Королюк 
210 |d 1952 
215 |a 139 с.  |c ил. 
317 |5 63413507: КР-1005  |a Поступила в НТБ в 2004 г. в составе книжного собрания профессора ТПИ К. В. Радугина. 
320 |a Библиогр.: с. 117-120. 
461 1 |0 (RuTPU)RU\TPU\book\84400  |t Труды Института геологических наук. Геологическая серия  |f Академия наук СССР (АН СССР), Институт геологических наук (ИГН)  |v Вып. 110, № 56 : Подольские толтры и условия их образования  |d 1938-1956 
606 1 |a Рифы ископаемые  |x Петрография  |2 stltpush  |3 (RuTPU)RU\TPU\subj\25252  |9 49455 
610 1 |a понятия 
610 1 |a онкоид 
610 1 |a риф 
610 1 |a рифовые фации 
610 1 |a толтры 
610 1 |a морфология 
610 1 |a миоцен 
610 1 |a известняки 
610 1 |a литология 
610 1 |a онкоидные фации 
610 1 |a образование 
610 1 |a библиотека К. В. Радугина 
675 |a 552.54  |v 3 
700 1 |a Королюк  |b И. К. 
801 1 |a RU  |b 63413507  |c 20130131 
801 2 |a RU  |b 63413507  |c 20180824  |g RCR 
942 |c BK